Shakhtar Donetsk players since 2000 - Statistics

General Stats
  • This quiz has been taken 6 times
  • The average score is 60 of 212
Answer Stats
Ranking Player Positions Nationality Matches Goals Assists Periods % Correct
18 Alex Teixeira CF 189 78 20 2009-2016
100%
2 Andriy Pyatov GK 394 0 1 2007-2023
100%
1 Darijo Srna RB 448 40 113 2003-2018
100%
6 Fernandinho DM 241 42 49 2005-2013
100%
95 Mykhaylo Mudryk LW 38 12 15 2020-2023
100%
10 Taison LW 231 44 63 2012-2021
100%
3 Taras Stepanenko DM 361 26 21 2010-2025
100%
4 Yaroslav Rakitskyi CB 307 15 29 2009-2018, 2022-2024
100%
54 Anatoliy Trubin GK 84 0 0 2019-2023
80%
25 Dmytro Chygrynskyi CB 159 12 3 2003-2014, 2023-2024
80%
31 Eduardo ST 143 47 15 2010-2013, 2015-2017
80%
62 Elano AM 67 19 12 2004-2007
80%
36 Georgiy Sudakov AM 128 33 21 2020-2025
80%
9 Jádson AM 233 56 59 2004-2012
80%
53 Júnior Moraes ST 85 53 21 2018-2022
80%
51 Lassina Traoré ST 86 20 15 2021-2025
80%
12 Luiz Adriano ST 221 107 34 2006-2015
80%
58 Manor Solomon LW 80 19 4 2018-2022
80%
7 Oleksandr Kucher CB 238 8 4 2006-2017
80%
5 Răzvan Raț LB 244 7 39 2003-2013
80%
41 Aleksey Bakharev CM 102 9 24 2000-2005
60%
14 Anatoliy Tymoshchuk DM 208 27 28 2000-2007
60%
15 Andriy Vorobey ST 197 59 35 2000-2007
60%
39 Artem Bondarenko AM 113 27 21 2019-2020, 2021-2025
60%
160 Artem Fedetskyi RB 6 1 0 2008-2009
60%
33 Bernard LW 135 19 31 2013-2018
60%
94 Bogdan Shust GK 38 0 0 2005-2007, 2011-2012
60%
108 Cosmin Barcauan CB 27 1 2 2004-2006
60%
122 Cristiano Lucarelli ST 18 7 0 2007-2008
60%
40 Danylo Sikan ST 104 29 8 2019-2020, 2021-2025
60%
163 Denil Castillo CM 6 0 0 2023-2024
60%
67 Dmytro Shutkov GK 62 0 0 2001-2008
60%
177 Emmanuel Osei Okoduwa ST 3 0 1 2006-2007
60%
76 Fernando ST 51 10 5 2018-2022
60%
93 Fernando DM 39 2 0 2013-2015
60%
38 Fred CM 123 11 10 2013-2018
60%
46 Henrikh Mkhitaryan CM 93 40 16 2010-2013
60%
27 Igor Duljaj DM 153 5 2 2003-2010
60%
88 Irakli Azarovi LB 42 0 6 2023-2025
60%
21 Ismaily LB 178 15 30 2012-2022
60%
77 Jan Lastuvka GK 50 0 0 2004-2007
60%
37 Julius Aghahowa ST 125 38 15 2000-2006, 2009-2011
60%
83 Kevin LW 46 11 8 2023-2025
60%
13 Mariusz Lewandowski DM 218 22 14 2001-2010
60%
124 Marlon CB 17 0 0 2021-2022
60%
91 Marlon Gomes CM 41 8 5 2023-2025
60%
44 Matuzalém DM 95 32 20 2004-2007
60%
131 Nery Castillo RW 16 1 2 2007-2009
60%
26 Oleksiy Belik ST 155 49 20 2000-2008
60%
121 Tolga Seyhan CB 20 0 1 2005-2006
60%
8 Tomas Hübschman DM 234 7 5 2004-2014
60%
35 Valeriy Bondar CB 131 2 1 2019-2025
60%
19 Willian LW 187 29 57 2007-2013
60%
65 Yevgen Seleznyov ST 63 27 6 2008-2009, 2011-2012, 2016-2017
60%
55 Zvonimir Vukic AM 83 12 20 2003-2008
60%
34 Alan Patrick AM 133 18 29 2011-2012, 2016-2022
40%
22 Brandão ST 175 74 26 2002-2009
40%
43 Ciprian Marica ST 95 20 14 2003-2008
40%
66 Daniel Florea LB 62 1 3 2001-2005
40%
28 Dentinho ST 152 22 12 2011-2022
40%
175 Denys Kulakov RB 3 1 1 2003-2005
40%
60 Dodô RB 78 5 16 2019-2022
40%
20 Douglas Costa RW 179 35 38 2009-2015
40%
47 Facundo Ferreyra ST 93 47 11 2013-2014, 2015-2018
40%
74 Flavius Stoican RB 54 1 4 2003-2006
40%
45 Gennadiy Zubov RM 93 26 31 2000-2004
40%
32 Ilsinho RM 143 19 16 2007-2009, 2011-2015
40%
59 Ivan Ordets CB 78 4 3 2014-2018
40%
149 Kauã Elias ST 9 0 1 2024-2025
40%
133 Leonardo CB 15 0 0 2005-2007
40%
92 Marcelo Moreno ST 40 7 1 2008-2009, 2010-2012
40%
115 Márcio Azevedo LB 23 0 3 2014-2018
40%
11 Marlos RW 227 55 52 2014-2022
40%
130 Marquinhos Cipriano LB 16 0 1 2018-2021
40%
157 Milan Jovanovic LW 6 1 1 2002-2003
40%
49 Mykhaylo Starostyak RB 91 1 9 2000-2004
40%
132 Nenad Lalatovic RB 15 0 2 2002-2003, 2004-2005
40%
198 Oleg Karamushka CB 1 0 0 2006-2007
40%
30 Oleksandr Gladkyi ST 144 45 27 2007-2010, 2014-2016
40%
24 Oleksiy Gay CM 169 16 14 2000-2003, 2006-2013
40%
85 Pedrinho RW 44 4 6 2021-2022, 2024-2025
40%
117 Ruslan Fomin ST 22 2 6 2005-2006, 2007-2010
40%
23 Sergiy Kryvtsov CB 171 13 4 2010-2023
40%
42 Sergiy Popov CB 95 15 4 2000-2004
40%
208 Sergiy Shevchuk LW 1 0 0 2006-2007
40%
159 Sergiy Tkachenko RM 6 0 0 2006-2008
40%
98 Stipe Pletikosa GK 35 0 0 2003-2004, 2006-2007
40%
56 Tetê RW 82 22 10 2019-2022
40%
29 Viktor Kovalenko AM 151 25 9 2014-2021
40%
17 Vyacheslav Shevchuk LB 190 4 31 2000-2001, 2005-2016
40%
170 Vyacheslav Sviderskyi CB 4 0 0 2006-2007
40%
120 Wojciech Kowalewski GK 20 0 0 2001-2003
40%
97 Adrian Pukanych CM 36 1 5 2002-2005
20%
148 Alisson RW 9 0 2 2024-2025
20%
79 Bogdan Butko RB 48 1 7 2016-2019
20%
191 Bruno Renan DM 1 0 0 2010-2011
20%
73 Davit Khocholava CB 55 1 0 2017-2021
20%
50 Dmytro Kryskiv CM 88 12 15 2022-2025
20%
123 Dmytro Topalov LW 18 0 1 2022-2024
20%
189 Gennadiy Orbu LW 2 0 1 2000-2001
20%
102 Ivan Petryak LW 33 2 1 2017-2018, 2022-2023
20%
100 Kevin Kelsy ST 35 9 2 2022-2024
20%
161 Kiril Fesyun GK 6 0 0 2024-2025
20%
103 Kostyantyn Kravchenko AM 32 10 4 2007-2011
20%
156 Maicon Oliveira ST 6 1 0 2012-2014
20%
70 Maksym Malyshev DM 60 4 1 2015-2016, 2018-2019
20%
138 Marko Devic ST 14 4 1 2012-2013
20%
90 Maryan Shved RW 41 8 4 2022-2025
20%
16 Mykola Matvienko CB 196 15 13 2015-2025
20%
168 Mykyta Shevchenko GK 5 0 1 2016-2018
20%
105 Oleksandr Chyzhov CB 29 0 0 2008-2012
20%
113 Oleksandr Rybka GK 25 0 0 2011-2012
20%
48 Oleksandr Zubkov RW 92 19 20 2015-2017, 2022-2025
20%
164 Oleksiy Shevchenko GK 5 0 0 2018-2019, 2021-2023
20%
96 Pedro Henrique LB 38 0 0 2023-2025
20%
116 Predrag Pazin CB 23 1 1 2002-2004
20%
146 Rustam Khudzhamov GK 10 0 0 2008-2011
20%
150 Valeriy Kryventsov AM 9 0 1 2000-2001
20%
64 Vasyl Kobin RB 64 1 9 2009-2013, 2015-2017
20%
118 Vinícius Tobias RB 22 0 6 2024-2025
20%
119 Vitaliy Vitsenets CM 21 2 0 2009-2011
20%
182 Volodymyr Pryiomov ST 2 0 0 2007-2008
20%
114 Volodymyr Yezerskyi RB 24 1 1 2007-2009
20%
78 Wellington Nem RW 48 7 2 2013-2016, 2018-2019
20%
101 Yevgen Konoplyanka LW 34 4 4 2019-2021
20%
57 Yukhym Konoplya RB 81 4 11 2021-2025
20%
82 Yuriy Virt GK 46 0 0 2000-2001, 2006-2007
20%
147 Alaa Ghram CB 10 0 0 2024-2025
0%
165 Aleksandr Shmarko CB 5 0 1 2000-2001
0%
128 Andriy Boryachuk ST 16 4 1 2015-2016, 2019-2020, 2022-2023
0%
110 Andriy Konyushenko LB 27 1 3 2000-2003
0%
201 Andriy Korobenko DM 1 0 0 2015-2016
0%
209 Andriy Shybko CM 1 0 0 2006-2007
0%
125 Andriy Totovytskyi AM 17 0 2 2016-2017, 2018-2019, 2022-2023
0%
166 Anton Glushchenko LW 5 1 0 2022-2023, 2024-2025
0%
84 Anton Kanibolotskyi GK 45 0 0 2012-2017
0%
193 Artur Rudko GK 1 0 0 2023-2024
0%
71 Assane N'Diaye CB 59 4 4 2000-2003
0%
155 Bartol Franjic LB 7 1 0 2024-2025
0%
126 Batista DM 17 0 0 2004-2005
0%
104 Bogdan Mykhaylichenko LB 32 2 5 2022-2023
0%
179 Bogdan Sarnavskyi GK 2 0 0 2015-2016
0%
139 Bogdan Viunnyk AM, ST 12 1 4 2020-2021, 2023-2024
0%
72 Dainius Gleveckas CB 55 1 1 2000-2004
0%
151 Damián Rodríguez CB 8 1 0 2002-2003
0%
195 Daniel Chirita CB 1 0 0 2001-2002
0%
204 Denys Kozhanov RW 1 0 0 2006-2007
0%
178 Denys Tvardovskyi GK 3 0 0 2023-2025
0%
192 Diego Arroyo CB 1 0 0 2024-2025
0%
202 Dmytro Antonyuk RB 1 0 0 2006-2007
0%
135 Dmytro Grechyshkin DM 14 1 0 2012-2014
0%
188 Dmytro Moldovan FW 2 0 0 2004-2005
0%
63 Dmytro Riznyk GK 67 0 0 2023-2025
0%
152 Eduard Kozik CB 8 0 1 2022-2024
0%
137 Eduard Sobol LB 14 0 1 2012-2014
0%
75 Eguinaldo LW 52 10 9 2023-2025
0%
144 Evgeniy Bredun DM 10 0 1 2001-2003
0%
176 Giorgi Arabidze AM 3 0 1 2015-2017
0%
99 Giorgi Gocholeishvili RB 35 1 3 2022-2024
0%
106 Gustavo Blanco Leschuk ST 28 6 3 2016-2017, 2019-2020
0%
181 Igor Gjuzelov CB 2 0 0 2001-2002
0%
184 Igor Korotetskyi CB 2 0 0 2005-2006
0%
196 Igor Kyryukhantsev RB 1 0 0 2016-2017
0%
206 Igor Oshchypko LB 1 0 0 2006-2007
0%
172 Igor Strelkov ST 4 1 0 2000-2001
0%
69 Isaac Okoronkwo CB 61 0 0 2000-2003
0%
199 Ivan LB 1 0 0 2004-2005
0%
187 Khusrav Toirov LW 2 0 0 2022-2023
0%
129 Lucas Taylor RB 16 1 1 2022-2023
0%
203 Maksym Kovalyov CB 1 0 0 2006-2007
0%
185 Maksym Trusevych DM 2 0 0 2006-2007
0%
61 Marcos Antônio CM 76 5 4 2018-2022
0%
80 Marian Aliuta AM 47 1 5 2000-2002
0%
143 Marian Savu ST 11 3 2 2000-2001
0%
162 Maryan Faryna CB 6 0 0 2022-2025
0%
52 Maycon CM 85 6 6 2018-2022
0%
180 Muamer Vugdalic CB 2 0 0 2001-2002
0%
81 Mykola Ishchenko CB 47 0 0 2008-2011
0%
212 Mykola Ogarkov CB 1 0 0 2024-2025
0%
112 Neven Djurasek DM 26 1 3 2022-2023
0%
89 Newerton LW 41 5 3 2023-2025
0%
169 Novatus Miroshi DM 5 0 0 2023-2024
0%
140 Olarenwaju Kayode ST 11 0 0 2018-2019
0%
145 Oleg Danchenko RB 10 0 1 2018-2019
0%
200 Oleg Kudryk GK 1 0 0 2016-2017
0%
127 Oleg Ocheretko AM 17 0 1 2022-2024
0%
136 Oleg Pestryakov LM 14 1 4 2000-2003
0%
194 Oleksandr Kupalnyi GK 1 0 0 2006-2007
0%
174 Oleksandr Oleksienko RM 3 0 0 2001-2002
0%
171 Oleksandr Pikhalyonok CM 4 0 0 2016-2017, 2019-2020
0%
173 Oleksandr Volovyk CB 4 0 0 2013-2014
0%
142 Oleksiy Kashchuk RW 11 3 1 2023-2024
0%
134 Oleksiy Polyanskyi CB 15 0 0 2006-2010
0%
210 Platon Svyrydov AM 1 0 0 2006-2007
0%
211 Predrag Ocokoljic RB 1 0 0 2001-2002
0%
190 Roman Emeljanov DM 1 0 0 2011-2012
0%
87 Sergiy Atelkin ST 43 14 10 2000-2002
0%
86 Sergiy Bolbat RW 43 2 6 2014-2015, 2018-2021
0%
141 Sergiy Kovalyov CM 11 1 0 2000-2001
0%
158 Sergiy Zakarlyuka LW 6 0 1 2003-2004
0%
205 Stanislav Mykytsey CB 1 0 0 2006-2007
0%
167 Stav Lemkin CB 5 0 0 2023-2024
0%
183 Timofey Kalachev RM 2 0 0 2003-2004
0%
207 Vadym Shavrin ST 1 0 0 2006-2007
0%
107 Viktor Korniyenko LB 28 1 4 2020-2023
0%
153 Viktor Tsukanov CM 7 0 0 2023-2025
0%
111 Vitaliy Abramov AM 26 0 6 2000-2002
0%
109 Vitão CB 27 0 1 2020-2022
0%
186 Vladyslav Vakula LW 2 0 0 2020-2021
0%
154 Vyacheslav Tankovskyi CM 7 0 0 2016-2018
0%
197 Yaroslav Khoma CM 1 0 0 2000-2001
0%
68 Yegor Nazaryna CM 62 2 2 2022-2025
0%
No matching quizzes found
Score Distribution
Percent of People with Each Score
Percentile by Number Answered
Your Score History
You have not taken this quiz